ბათუმის შოთა რუსთაველის სახელმწიფო უნივერსიტეტის ბიბლიოთეკა

Масличные культуры (ბიბ.ჩანაწერი № 46092)

000 -LEADER
fixed length control field 00555nam a2200193Ia 4500
001 - CONTROL NUMBER
control field 12922
003 - CONTROL NUMBER IDENTIFIER
control field GE_BSU
008 - FIXED-LENGTH DATA ELEMENTS--GENERAL INFORMATION
fixed length control field 181216s||||||||xx |||||||||||||| ||und||
040 ## - CATALOGING SOURCE
Transcribing agency GE_BSU
245 ## - TITLE STATEMENT
Title Масличные культуры
245 ## - TITLE STATEMENT
Statement of responsibility, etc. Под.ред. И.В.Якушкина. Ред.Е.И.Гутман
250 ## - EDITION STATEMENT
Edition statement 2-ое дополн.и перераб.
260 ## - PUBLICATION, DISTRIBUTION, ETC.
Place of publication, distribution, etc. Москва
260 ## - PUBLICATION, DISTRIBUTION, ETC.
Name of publisher, distributor, etc. Сельхозгиз
260 ## - PUBLICATION, DISTRIBUTION, ETC.
Date of publication, distribution, etc. 1952
300 ## - PHYSICAL DESCRIPTION
Extent 263стр.илл.20см.
653 ## - INDEX TERM--UNCONTROLLED
Uncontrolled term Масличные культуры
942 ## - ADDED ENTRY ELEMENTS (KOHA)
Koha item type წიგნი
ეგზემპლარები
Withdrawn status Lost status Damaged status Not for loan Date acquired Barcode Date last seen Price effective from Koha item type
        2018-12-17 20841 2018-12-17 2018-12-17 წიგნი